000 00339nam a2200145Ia 4500
008 240830s1984 xx 000 0 und d
041 _aeng
082 _a0 JOG
100 _aJOGALEKAR V.D.
245 _aVISH VIDNYAN
260 _bM.V.GRANTH MANDAL , NAGPUR
_c1984
650 _aAGAD-TANTRA
906 _aN.D.
999 _c1194122
_d1194122